000 00616nam a22001817a 4500
005 20251108175841.0
008 250721s2022 xx 000 0 ara d
082 1 4 _a811.009/يوس
100 1 _aيوسف، يوسف
245 1 0 _aالشعر و السينما أبنية الصورة و السرد :
_bتجربة عزالدين المناصرة /
264 1 _aعمان :
_bخطوط و ظلال للنشر و التوزيع،
_c2022.
300 _a148ص.
650 1 7 _aالشعر العربي
650 1 7 _aالنقد الادبي
650 1 7 _aالعصر الحديث
942 _2ddc
_cBK
999 _c143926
_d143926